000
00291nam a22001217a 4500
008
241117b |||||||| |||| 00| 0 eng d
020
_a
9780077291204
_q
pbk
041
_a
eng
082
_a
658.15
_b
BRE
100
_a
Will Matthew
245
_a
Fundamentals of corporate Finance
942
_c
BK
999
_c
565850
_d
565850